000
00231nam a2200097Ia 4500
001
946909
005
20250826215451.0
008
250824s9999 xx 000 0 und d
245
0
_a
MOR
_c
KAHRAMAN TAZEOĞLU
260
_b
DESTEK YAYINLARI
999
_c
946909
_d
946909